00508nam a2200157 i 450000100060000000300090000600500170001500700030003200800410003508000270007610000440010324500530014726000660020030000220026685200620028879305ES-MaACL20251110063220.0t|041020s1905 cu ||||1| spa d a821.134.2(729.3)-4"19" aHenríquez Ureña, Pedro, d1884-194610aEnsayos críticos / cPedro Enríquez Ureña. aLa Habana : b[s.n.], c1905 (fImpr. de Esteban Fernández) a116 p. ; c17 cm. aES-MaACLjT-1086-F-1 z.- Dedicatoria manuscria del autor